000 00523nam a22001817a 4500
005 20170329112607.0
010 _aENG-117620
020 _a9789382524458
_c295.00
035 _aEN-101152
037 _bDABD/PUB
082 _a881
100 _a Bhanot,Ishi
245 _aThe fallen leaves /
_cby Ishi Bhanot
260 _aNew Delhi
_bThe Book Line
_c2017
270 _a106,4787 23,Ist Floor,Ansari Road,Daryaganj
_bNew Delhi
_e110001
300 _a96p. :
_c18cm(Hb)
_bill.
942 _2ddc
_cEN
_h881
_mBHA
999 _c138523
_d138523